000 00722cam a2200157 4500500
005 20260405032553.0
041 _afre
042 _adc
100 1 0 _aBeaumont, André
_eauthor
700 1 0 _aCassier, Pierre
_eauthor
700 1 0 _aRichard, Daniel
_eauthor
245 0 0 _aBiologie animale - Les Cordés : Anatomie comparée des vertébrés
260 _bDunod,
_c2009.
520 _aAutres ouvrages: Morot-Gaudry: Biologie végétale : Croissance et développement. 9782100519972 Morot-Gaudry: Biologie végétale : Nutrition et métabolisme. 9782100519446 Beaumont/Cassier: Les Cordés 9/e. 9782100516582
856 4 1 _uhttps://stm.cairn.info/biologie-animale--9782100516582?lang=fr&redirect-ssocas=7080
999 _c2155730
_d2155730